Where did American Civil War troops come from? - Statistics

General Stats
  • This quiz has been taken 20 times
  • The average score is 8 of 36
Answer Stats
Troops State % Correct
448,850 New York
100%
337,936 Pennsylvania
93%
313,180 Ohio
86%
282,432 Virginia
79%
259,092 Illinois
43%
249,136 Tennessee
43%
199,375 Alabama
29%
244,142 Georgia
29%
146,730 Massachusetts
29%
202,009 North Carolina
29%
46,638 Maryland
21%
174,436 Mississippi
21%
162,620 Texas
21%
15,725 California
14%
37,273 Florida
14%
196,363 Indiana
14%
76,242 Iowa
14%
75,760 Kentucky
14%
87,364 Michigan
14%
133,226 South Carolina
14%
33,288 Vermont
14%
120,567 Arkansas
7%
12,284 Delaware
7%
20,149 Kansas
7%
141,580 Louisiana
7%
70,107 Maine
7%
24,020 Minnesota
7%
33,937 New Hampshire
7%
76,814 New Jersey
7%
23,236 Rhode Island
7%
32,068 West Virginia
7%
55,864 Conneticut
0%
109,111 Missouri
0%
1,080 Nevada
0%
1,810 Oregon
0%
91,327 Wisconsin
0%
No matching quizzes found
Score Distribution
Percent of People with Each Score
Percentile by Number Answered
Your Score History
You have not taken this quiz